00728nam a2200217 i 450000100060000000300090000600500170001500700030003200800410003508000190007610000280009524500600012326000350018330000220021849000320024070000300027283000370030285200320033999900170037195201220038898456ES-MaACL20260104152736.0t|050906s1973 sp ||||1| baq d a891.69-341"19"1 aPeillen, Txomin.98997910aGatu beltza / cTxomin Peillen ; azala Javier de Villa. aBilbao : bMensajero, c[1973] a105 p. ; c18 cm.1 aGero Euskal Liburual ; v241 aVilla, Javier de.91148700 aGero Euskal Liburuakv249233272 aES-MaACLjC-52917 bR.86184 c98456d98456 00104070aATENEOMbATENEOMcDEPO2d2008-01-17eSCl0oC-52917p1102780r2023-02-23 00:00:00w2023-02-23yMONOGRAFIA